IBIÁ 1978 / (Record no. 256)
[ view plain ]
| 000 -LÍDER | |
|---|---|
| campo de controle de tamanho fixo | 00719nam a2200229 4500 |
| 001 - NÚMERO DE CONTROLE | |
| campo de controle | 256 |
| 003 - IDENTIFICADOR DO NÚMERO DE CONTROLE | |
| campo de controle | OSt |
| 005 - DATA E HORÁRIO DA ÚLTIMA TRANSAÇÃO | |
| campo de controle | 20250224133835.0 |
| 008 - CAMPO DE DADOS FIXOS--INFORMAÇÃO GERAL | |
| campo de controle de tamanho fixo | 250224b |||||||g |||| 00| 0 eng d |
| 040 ## - FONTE DA CATALOGAÇÃO | |
| Idioma da catalogação | por |
| 041 ## - CÓDIGO DE IDIOMA | |
| Código do idioma do original e/ou traduções intermediárias do texto | por |
| 082 ## - CDD - CLASSIFICAÇÃO DECIMAL DE DEWEY | |
| Número de Classificação | 352.16 |
| Número do exemplar | I16 |
| 245 ## - TÍTULO | |
| Título | IBIÁ 1978 / |
| 260 ## - PUBLICAÇÃO, DISTRIBUIÇÃO, ETC. | |
| Local de publicação, distribuição, etc. | Belo Horizonte |
| Nome do editor, distribuidor, etc. | Expediente |
| Data da publicação, distribuição, etc. | 1978 |
| 300 ## - DESCRIÇÃO FÍSICA | |
| Extensão | 31 p. |
| Outros detalhes físicos | il. |
| 520 ## - NOTA DE RESUMO, ETC. | |
| Resumo, etc. | A revista IBIÁ 1978, apresenta o histórico da cidade, abordando temas como: os períodos políticos, a agropecuária, a industria e comércio, a comunicação, o turismo, a educação e cultura, etc... |
| 650 #0 - ASSUNTO--TERMO TÓPICO | |
| Cabeçalho tópico ou nome geográfico | Município de Ibiá |
| 9 (RLIN) | 476 |
| 650 #0 - ASSUNTO--TERMO TÓPICO | |
| Cabeçalho tópico ou nome geográfico | Entrevista |
| 9 (RLIN) | 477 |
| 650 #0 - ASSUNTO--TERMO TÓPICO | |
| Cabeçalho tópico ou nome geográfico | História |
| 9 (RLIN) | 116 |
| 655 #0 - TERMO DE ÍNDICE--GÊNERO E FORMA | |
| Gênero/forma/ou termo foco | Revista |
| 942 ## - ELEMENTOS DE ENTRADA ADICIONADOS (KOHA) | |
| Fonte de classificação ou esquema de arquivamento | Classificação decimal de Dewey |
| Ocultar no OPAC | Não |
| Tipo de material Koha | Livros |
| Situação do descarte | Situação das perdas | Fonte de classificação ou esquema de arquivamento | Status danificado | Não pode ser emprestado | Coleção | Biblioteca de origem | Biblioteca atual | Localização na estante | Data de aquisição | Fonte de aquisição | Total de empréstimos | Número de chamada completo | Código de barras | Data de último acesso | Número do exemplar | Data do preço efetivo | Tipo de material Koha |
|---|---|---|---|---|---|---|---|---|---|---|---|---|---|---|---|---|---|
| Classificação decimal de Dewey | Revistas e Artigos | Biblioteca Professor Eduardo Afonso de Castro | Biblioteca Professor Eduardo Afonso de Castro | Literatura Ibiaense | 24.02.2025 | doação | 352.16 / I12 | 2025-17207 | 24.02.2025 | Ex. 01 | 24.02.2025 | Livros |